000 00793nam a22002897a 4500
001 0000078
003 KOHA_MİRAKIL
005 20260207001158.0
007 ta
008 081212b2005 tu |||gr||||#||||0|tur |
020 _a9755917543
_c19,690000000000001
040 _aTR-BiSEU
_btur
_cTR-BiSEU
_erda
041 0 _atur
044 _ctu
050 _aHB139
_b.K88 2005
100 1 _aKutlar, Aziz.
245 1 _aUygulamalı ekonometri/
_cAziz Kutlar ; Aziz Kutlar.
264 1 _aAnkara :
_bNobel Yayıncılık
_c2005
300 _a429 sayfa +
_eCD ROM
336 _ametin
_btxt
_2rdacontent
337 _aaracısız
_bn
_2rdamedia
338 _acilt
_bnc
_2rdacarrier
650 0 _aEkonometri.
_91717
650 0 _aRegreasyon.
_91718
650 0 _aZaman serisi.
_91719
942 _2lcc
_cBK
999 _c79
_d79